Construction, law and the environment (Record no. 94525)

MARC details
000 -LEADER
fixed length control field 02123cam a2200589 4500
008 - FIXED-LENGTH DATA ELEMENTS--GENERAL INFORMATION
fixed length control field 090401t1994 xxu||||| |||| 00| 0 eng d
020 ## - INTERNATIONAL STANDARD BOOK NUMBER
International Standard Book Number 0471952737
035 ## - SYSTEM CONTROL NUMBER
System control number (Sirsi) u63293
041 ## - LANGUAGE CODE
Language code of text/sound track or separate title eng
050 ## - LIBRARY OF CONGRESS CALL NUMBER
Classification number 614.7026
-- 18
110 ## - MAIN ENTRY--CORPORATE NAME
Corporate name or jurisdiction name as entry element King's College London
Subordinate unit Centre of Construction Law and Management
9 (RLIN) 2173
245 ## - TITLE STATEMENT
Title Construction, law and the environment
260 ## - PUBLICATION, DISTRIBUTION, ETC.
Place of publication, distribution, etc. Chichester
Name of publisher, distributor, etc. Chancery Law Publishing Ltd.
Date of publication, distribution, etc. 1994
300 ## - PHYSICAL DESCRIPTION
Extent xxxii, 317p.
Dimensions 23cm.
350 ## - PRICE (NR) (BK AM CF MU VM SE) [OBSOLETE]
Price 35
505 ## - FORMATTED CONTENTS NOTE
Formatted contents note Environmental protection
505 ## - FORMATTED CONTENTS NOTE
Formatted contents note Building a greener Europe
505 ## - FORMATTED CONTENTS NOTE
Formatted contents note The international perspective, including Japan
505 ## - FORMATTED CONTENTS NOTE
Formatted contents note Waste: its disposal and use
505 ## - FORMATTED CONTENTS NOTE
Formatted contents note Hazardous substances and clean-up
505 ## - FORMATTED CONTENTS NOTE
Formatted contents note Contaminated land and groundwater problems
505 ## - FORMATTED CONTENTS NOTE
Formatted contents note Hazardous waste liability issues...in the US
505 ## - FORMATTED CONTENTS NOTE
Formatted contents note Construction sites and the human factor
505 ## - FORMATTED CONTENTS NOTE
Formatted contents note Risk assessment and environmental audit for contaminated land
505 ## - FORMATTED CONTENTS NOTE
Formatted contents note Environmental management systems and construction
505 ## - FORMATTED CONTENTS NOTE
Formatted contents note Professional liability, risk transfer and contract documents
505 ## - FORMATTED CONTENTS NOTE
Formatted contents note The use of dangerous materials
505 ## - FORMATTED CONTENTS NOTE
Formatted contents note European Commission Green Paper on remedying environmental damage
505 ## - FORMATTED CONTENTS NOTE
Formatted contents note The Cambridge Water Company case
520 ## - SUMMARY, ETC.
Summary, etc. Proceedings of the Sixth Annual Construction Conference of the Centre of Construction Law and Management, King's College London.
650 ## - SUBJECT ADDED ENTRY--TOPICAL TERM
Topical term or geographic name entry element CAMBRIDGE WATER CO LTD V EASTERN COUNTIES LEATHER PLC
650 ## - SUBJECT ADDED ENTRY--TOPICAL TERM
Topical term or geographic name entry element UNITED STATES
690 ## - LOCAL SUBJECT ADDED ENTRY--TOPICAL TERM (OCLC, RLIN)
Topical term or geographic name as entry element BUILT ENVIRONMENT-SUSTAINABLE CONSTRUCTION
700 ## - ADDED ENTRY--PERSONAL NAME
Personal name Uff, John
International Standard Serial Number Editor
700 ## - ADDED ENTRY--PERSONAL NAME
Personal name Garthwaite, Helen
International Standard Serial Number Editor
700 ## - ADDED ENTRY--PERSONAL NAME
Personal name Barber, John
International Standard Serial Number Editor
700 ## - ADDED ENTRY--PERSONAL NAME
Personal name Aeberli, P.
700 ## - ADDED ENTRY--PERSONAL NAME
Personal name Persaud, I.
700 ## - ADDED ENTRY--PERSONAL NAME
Personal name Jones, D.
700 ## - ADDED ENTRY--PERSONAL NAME
Personal name Spedding, L.
700 ## - ADDED ENTRY--PERSONAL NAME
Personal name Barber, P.
700 ## - ADDED ENTRY--PERSONAL NAME
Personal name Jefferis, S. A.
700 ## - ADDED ENTRY--PERSONAL NAME
Personal name Renger, M.
700 ## - ADDED ENTRY--PERSONAL NAME
Personal name Young, P. J.
700 ## - ADDED ENTRY--PERSONAL NAME
Personal name Kannry, J. S.
700 ## - ADDED ENTRY--PERSONAL NAME
Personal name Mendelblat, M.
700 ## - ADDED ENTRY--PERSONAL NAME
Personal name Naughton, P.
700 ## - ADDED ENTRY--PERSONAL NAME
Personal name Renger, M.
700 ## - ADDED ENTRY--PERSONAL NAME
Personal name Phillips, V.
942 ## - ADDED ENTRY ELEMENTS (KOHA)
Suppress in OPAC 0
948 ## - LOCAL PROCESSING INFORMATION (OCLC); SERIES PART DESIGNATOR (RLIN)
c (OCLC) 04/03/1997
Holdings
Withdrawn status Lost status Source of classification or shelving scheme Damaged status Not for loan Home library Current library Shelving location Date acquired Cost, normal purchase price Total Checkouts Full call number Barcode Date last seen Date last checked out Copy number Cost, replacement price Price effective from Koha item type
    Dewey Decimal Classification     London London Books 23/09/1994 29.75 6 614.7026 CEN 30042594 06/08/2019 13/06/2002 1 29.75 06/08/2019 Book